[Event "Contrecoeur op U1600"]
[Site "Contrecoeur CAN"]
[Date "2019.11.03"]
[Round "5.5"]
[White "Camire, Pierre"]
[Black "Villeneuve, Denis"]
[Result "1-0"]
[WhiteElo "1326"]
[BlackElo "1427"]
[PlyCount "115"]
[EventDate "2019.11.01"]
[EventType "swiss"]
[EventRounds "5"]
[EventCountry "CAN"]

1. d4 Nf6 2. c4 e5 3. dxe5 Ng4 4. Nf3 Nc6 5. e3 Ngxe5 6. Nc3 Bb4 7. Bd2 d6 8.
a3 Bxc3 9. Bxc3 O-O 10. Be2 Be6 11. Nxe5 Nxe5 12. O-O Ng6 13. b3 Qe7 14. Qd4 f6
15. Qd1 Rad8 16. Bf3 c6 17. Qc2 Ne5 18. Bxe5 fxe5 19. Qe2 d5 20. cxd5 cxd5 21.
b4 Qg5 22. g3 e4 23. Bg2 a6 24. Rad1 Bd7 25. f4 Bb5 26. Qxb5 Qe7 27. Qc5 Qd7
28. Rd4 Qc6 29. Qxc6 bxc6 30. Rfd1 Rde8 31. Rc1 Re6 32. Bf1 Ra8 33. Rc5 Rf6 34.
Ra5 g5 35. Rxa6 Rxa6 36. Bxa6 gxf4 37. Bf1 fxg3 38. hxg3 Rf3 39. Kg2 Rxe3 40.
a4 Kf7 41. b5 Ke6 42. bxc6 Rc3 43. Bb5 Rc2+ 44. Kf1 Kd6 45. Ke1 Rg2 46. Rd2
Rxg3 47. Rh2 Rg7 48. Rh6+ Kc5 49. Rf6 Kd4 50. Kf2 Ke5 51. Rf8 Rc7 52. Rb8 Kd6
53. Rb7 Rxb7 54. cxb7 Kc7 55. Bc6 d4 56. Bxe4 h5 57. Ke2 h4 58. Kd3 1-0

[Event "Contrecoeur op U1600"]
[Site "Contrecoeur CAN"]
[Date "2019.11.03"]
[Round "5.6"]
[White "Laforest, Claude"]
[Black "Breton, Jules"]
[Result "1-0"]
[WhiteElo "1300"]
[BlackElo "1317"]
[PlyCount "93"]
[EventDate "2019.11.01"]
[EventType "swiss"]
[EventRounds "5"]
[EventCountry "CAN"]

1. d4 d5 2. c4 e6 3. Nc3 Bb4 4. a3 Be7 5. Nf3 h6 6. Bd2 Nf6 7. c5 c6 8. b4 b5
9. e3 a5 10. Bd3 Nbd7 11. O-O Qc7 12. bxa5 e5 13. Be2 O-O 14. h3 Re8 15. Qb3
Bf8 16. a4 Rb8 17. axb5 cxb5 18. Bxb5 Ba6 19. Rfb1 Ra8 20. Nxd5 Nxd5 21. Qxd5
Bxb5 22. Rxb5 Nf6 23. Qc4 Ne4 24. a6 exd4 25. exd4 Nxd2 26. Nxd2 Qf4 27. Nf3
Rec8 28. c6 g5 29. Rb7 Rc7 30. Rab1 Bd6 31. Rb8+ Rc8 32. Rxc8+ Rxc8 33. a7 Bc7
34. Qa6 Qf5 35. Qb7 Kg7 36. Ra1 g4 37. hxg4 Qxg4 38. a8=Q Rxa8 39. Qxa8 Qf5 40.
Re1 Qc2 41. Qe8 Ba5 42. Re7 Qb1+ 43. Kh2 Qg6 44. g3 Bb4 45. Rd7 Qf6 46. Qe4 Bd2
47. c7 1-0

[Event "Contrecoeur op U1600"]
[Site "Contrecoeur CAN"]
[Date "2019.11.03"]
[Round "5.7"]
[White "Lauzon, Francois"]
[Black "Dion, Yves"]
[Result "0-1"]
[WhiteElo "1144"]
[BlackElo "1349"]
[PlyCount "112"]
[EventDate "2019.11.01"]
[EventType "swiss"]
[EventRounds "5"]
[EventCountry "CAN"]

1. d4 Nf6 2. c4 e5 3. dxe5 Ne4 4. Qd3 Nc5 5. Qc2 Nc6 6. Nf3 Nb4 7. Qc3 b6 8.
Bg5 Be7 9. Bxe7 Qxe7 10. Nbd2 Bb7 11. a3 Nc6 12. e3 Nd8 13. Bd3 Nxd3+ 14. Qxd3
Ne6 15. b4 O-O 16. O-O Rad8 17. Qc3 Ng5 18. Nxg5 Qxg5 19. e4 Rfe8 20. Nf3 Qg4
21. h3 Qxe4 22. Rae1 Qg6 23. Re3 Re6 24. Qd4 h6 25. Nh4 Qg5 26. Rg3 Qxe5 27.
Qd1 Be4 28. Nf3 Bxf3 29. Rxf3 Rd6 30. Qb3 Rg6 31. c5 Rf8 32. cxb6 cxb6 33. Qd3
d6 34. Re3 Qf6 35. Rg3 Rxg3 36. fxg3 Qe6 37. Kh2 Qe5 38. Rc1 d5 39. Qa6 Qb8 40.
Rd1 Rd8 41. Rd4 Rd6 42. Qd3 Qd8 43. Qf3 f6 44. Qf5 Qd7 45. Qh5 b5 46. Qd1 a6
47. Qh5 Qe6 48. Qg6 Qe5 49. Rg4 f5 50. Qxd6 Qxd6 51. Rd4 Qe5 52. Rd1 d4 53. h4
Qe3 54. Kh3 d3 55. h5 Qe2 56. Rc1 Qxh5# 0-1

[Event "Contrecoeur op U1600"]
[Site "Contrecoeur CAN"]
[Date "2019.11.03"]
[Round "5.8"]
[White "Brule, Daniel"]
[Black "Soskic, Milan"]
[Result "1/2-1/2"]
[WhiteElo "1462"]
[BlackElo "1197"]
[PlyCount "76"]
[EventDate "2019.11.01"]
[EventType "swiss"]
[EventRounds "5"]
[EventCountry "CAN"]

1. e4 c5 2. Nf3 d6 3. d4 cxd4 4. Nxd4 a6 5. Nc3 Nf6 6. Be3 Nc6 7. f3 e5 8. Nb3
Be7 9. g4 O-O 10. Qd2 Be6 11. Nd5 Bxd5 12. exd5 Nb8 13. g5 Nh5 14. h4 Ng3 15.
Rg1 Nf5 16. Bf2 Nd7 17. Bd3 g6 18. Bxf5 gxf5 19. f4 Qc7 20. O-O-O Rfc8 21. c3
a5 22. fxe5 a4 23. Nd4 a3 24. Nxf5 Nxe5 25. Nxe7+ Qxe7 26. Rde1 axb2+ 27. Kb1
Qc7 28. Bd4 Nc4 29. Qf4 Rxa2 30. Kxa2 Qa5+ 31. Kb3 Qb5+ 32. Kc2 Na3+ 33. Kd2
b1=Q 34. Rxb1 Nxb1+ 35. Rxb1 Qxb1 36. Qf6 Qb2+ 37. Kd3 Qb1+ 38. Kd2 Qb2+
1/2-1/2

[Event "Contrecoeur op U1600"]
[Site "Contrecoeur CAN"]
[Date "2019.11.03"]
[Round "5.9"]
[White "Dubois, Lise"]
[Black "Menard, Marc"]
[Result "1-0"]
[WhiteElo "1310"]
[BlackElo "1368"]
[PlyCount "51"]
[EventDate "2019.11.01"]
[EventType "swiss"]
[EventRounds "5"]
[EventCountry "CAN"]

1. d4 Nf6 2. Nf3 e6 3. c4 d5 4. cxd5 Nxd5 5. e4 Nb6 6. Be2 Nc6 7. O-O g6 8. Bg5
f6 9. Be3 Bg7 10. Nc3 O-O 11. a3 Kh8 12. Rc1 f5 13. Bg5 Bf6 14. Bh6 Re8 15. e5
Be7 16. Bb5 Bd7 17. d5 exd5 18. Nxd5 Bf8 19. Bg5 Be7 20. Nf6 Rf8 21. Qb3 a6 22.
Be2 Qc8 23. Nh4 Be6 24. Nxg6+ hxg6 25. Qh3+ Kg7 26. Qh7# 1-0

[Event "Contrecoeur op U1600"]
[Site "Contrecoeur CAN"]
[Date "2019.11.03"]
[Round "5.10"]
[White "St-Laurent, Luc"]
[Black "Cormier, Benoit"]
[Result "1-0"]
[WhiteElo "1339"]
[BlackElo "1284"]
[PlyCount "69"]
[EventDate "2019.11.01"]
[EventType "swiss"]
[EventRounds "5"]
[EventCountry "CAN"]

1. Nf3 Nf6 2. c4 e6 3. g3 b6 4. Bg2 Bb7 5. O-O d5 6. d4 h6 7. Nc3 Be7 8. b3 O-O
9. Bb2 Nbd7 10. Qc2 Rc8 11. Ne5 c5 12. e3 a6 13. Nxd7 Qxd7 14. dxc5 bxc5 15.
Rfd1 Qc7 16. cxd5 exd5 17. Nxd5 Nxd5 18. Bxd5 Bxd5 19. Rxd5 Qc6 20. Rd3 Bf6 21.
Bxf6 Qxf6 22. Rc1 Rfd8 23. Rxd8+ Qxd8 24. Qc4 a5 25. a4 Qc7 26. Rd1 Qb6 27. Rd7
Rf8 28. Qd5 g6 29. Rd6 Qc7 30. Rxg6+ Kh7 31. Rc6 Qd8 32. Qf5+ Kg7 33. Qg4+ Kh7
34. Rxc5 Qd1+ 35. Qxd1 1-0

[Event "Contrecoeur op U1600"]
[Site "Contrecoeur CAN"]
[Date "2019.11.03"]
[Round "5.11"]
[White "Perron, Bernard"]
[Black "Corriveau, Guillaume"]
[Result "0-1"]
[WhiteElo "1186"]
[BlackElo "1203"]
[PlyCount "52"]
[EventDate "2019.11.01"]
[EventType "swiss"]
[EventRounds "5"]
[EventCountry "CAN"]

1. e4 e5 2. Nf3 Nc6 3. Bc4 Nf6 4. Nc3 Bb4 5. a3 Bxc3 6. bxc3 Nxe4 7. O-O O-O 8.
Bb2 d5 9. Ba2 Bg4 10. h3 Bh5 11. Qe1 Bxf3 12. gxf3 Qg5+ 13. Kh1 Nxd2 14. Bxd5
Nxf1 15. Qxf1 Qg6 16. Be4 f5 17. Bd5+ Kh8 18. Qb5 Ne7 19. Rg1 Qb6 20. Qd7 Ng6
21. Ba1 Rad8 22. Qe6 Qxe6 23. Bxe6 Rd2 24. Bb3 Rxf2 25. Rg3 Rf1+ 26. Kg2 Rxa1
0-1

[Event "Contrecoeur op U2000"]
[Site "Contrecoeur CAN"]
[Date "2019.11.01"]
[Round "1.1"]
[White "Mathieu, Jeremie"]
[Black "Mangahas, Ronald"]
[Result "0-1"]
[WhiteElo "1701"]
[BlackElo "1869"]
[PlyCount "78"]
[EventDate "2019.11.01"]
[EventType "swiss"]
[EventRounds "5"]
[EventCountry "CAN"]

1. d4 Nf6 2. c4 g6 3. Nc3 Bg7 4. e4 d6 5. f4 O-O 6. Nf3 c5 7. d5 e6 8. Be2 exd5
9. exd5 Re8 10. O-O Ng4 11. Re1 Bf5 12. Bf1 Na6 13. a3 Nc7 14. h3 Nf6 15. g4
Bd7 16. Bd2 Rb8 17. a4 Na6 18. Rb1 Nb4 19. Nb5 Ne4 20. Bxb4 cxb4 21. Kg2 h5 22.
Bd3 hxg4 23. hxg4 f5 24. Bxe4 fxe4 25. Ng5 Qf6 26. Rf1 a6 27. Nc7 Re7 28. Nce6
Bxe6 29. dxe6 Bh6 30. Qxd6 Rbe8 31. Nxe4 Qh4 32. Rf3 Rxe6 33. Qd5 Qxg4+ 34. Rg3
Qxf4 35. Rxg6+ Kh7 36. Rxe6 Rg8+ 37. Ng5+ Rxg5+ 38. Qxg5 Qxg5+ 39. Kh2 Qh4+ 0-1

[Event "Contrecoeur op U2000"]
[Site "Contrecoeur CAN"]
[Date "2019.11.01"]
[Round "1.2"]
[White "Mathieu, Guillaume"]
[Black "Wang, Isabelle"]
[Result "1-0"]
[WhiteElo "1864"]
[BlackElo "1692"]
[PlyCount "91"]
[EventDate "2019.11.01"]
[EventType "swiss"]
[EventRounds "5"]
[EventCountry "CAN"]

1. d4 d5 2. Nf3 e6 3. c3 Nf6 4. Bg5 Be7 5. e3 O-O 6. Bd3 h6 7. Bf4 b6 8. Nbd2
Bb7 9. g4 Ne4 10. Qc2 Nxd2 11. Qxd2 Bd6 12. O-O-O Bxf4 13. exf4 c5 14. h4 cxd4
15. cxd4 Nd7 16. Ne5 Nxe5 17. fxe5 f6 18. f4 fxe5 19. dxe5 d4 20. Rh2 Bf3 21.
Rg1 Qd5 22. Kb1 Be4 23. Rf2 Bxd3+ 24. Qxd3 Rf7 25. Re1 Rc8 26. Rd1 Rd7 27. Rfd2
Rcd8 28. g5 hxg5 29. hxg5 Rf7 30. Rh2 Rf5 31. Rdh1 Kf7 32. g6+ Kxg6 33. Rg1+
Kf7 34. Rxg7+ Kxg7 35. Qg3+ Kf8 36. Rh8+ Ke7 37. Qg7+ Rf7 38. Qg5+ Kd7 39.
Rxd8+ Kc6 40. Rxd5 Kxd5 41. Qg2+ Kc4 42. Qe4 b5 43. Kc2 Rc7 44. a3 Kc5 45. Kd3
Rd7 46. Qa8 1-0

[Event "Contrecoeur op U2000"]
[Site "Contrecoeur CAN"]
[Date "2019.11.01"]
[Round "1.3"]
[White "Adam, Rafael"]
[Black "Latorre, Vincent"]
[Result "1/2-1/2"]
[WhiteElo "1678"]
[BlackElo "1852"]
[PlyCount "156"]
[EventDate "2019.11.01"]
[EventType "swiss"]
[EventRounds "5"]
[EventCountry "CAN"]

1. d4 Nf6 2. Bg5 h6 3. Bf4 d5 4. e3 c5 5. c3 Nc6 6. Bd3 Qb6 7. Qb3 c4 8. Qxb6
axb6 9. Bc2 e6 10. Nf3 Be7 11. O-O b5 12. b4 cxb3 13. Bxb3 Ne4 14. Nfd2 Nd6 15.
Bxd6 Bxd6 16. f4 f5 17. Nf3 Na5 18. Nbd2 Bd7 19. Rac1 Nc4 20. Kf2 g5 21. Rc2
gxf4 22. exf4 Bxf4 23. g3 Bd6 24. Re1 Kf7 25. Bxc4 bxc4 26. Ne5+ Bxe5 27. Rxe5
Ra3 28. Nb1 Ra6 29. Ree2 Re8 30. Kf3 Ba4 31. Rcd2 Kf6 32. Kf4 Rg8 33. h3 h5 34.
Rb2 Rg7 35. Nd2 Be8 36. Nf3 Ra3 37. Rec2 b5 38. Nd2 Rg5 39. Nf3 Rg8 40. Ne5 Rg7
41. Nf3 Rb7 42. Rb4 Rba7 43. Rbb2 R3a4 44. Nd2 Re7 45. Nf3 Rb7 46. Nd2 b4 47.
cxb4 Raxb4 48. Rxb4 Rxb4 49. a3 Rb7 50. Rc3 Rb2 51. Nf3 Ba4 52. Ng5 Rb3 53. Rf3
c3 54. Re3 Bd7 55. Re2 Rb2 56. Re1 c2 57. Rc1 Ba4 58. Re1 Rb6 59. h4 Rc6 60.
Rc1 Rc4 61. Nf3 e5+ 62. Ke3 Rc3+ 63. Ke2 e4 64. Ne1 Rxa3 65. Nxc2 Rxg3 66. Ne3
f4 67. Nxd5+ Kf5 68. Rc5 Kg4 69. Nf6+ Kh3 70. Nxh5 Re3+ 71. Kf2 Rf3+ 72. Ke2
Re3+ 73. Kf2 Kxh4 74. Nf6 Bd1 75. Rf5 Re2+ 76. Kf1 Rh2 77. Kg1 Rh3 78. Nxe4 Kg4
1/2-1/2

[Event "Contrecoeur op U2000"]
[Site "Contrecoeur CAN"]
[Date "2019.11.01"]
[Round "1.4"]
[White "Simard, Francois"]
[Black "He, Zekai"]
[Result "1/2-1/2"]
[WhiteElo "1788"]
[BlackElo "1651"]
[PlyCount "73"]
[EventDate "2019.11.01"]
[EventType "swiss"]
[EventRounds "5"]
[EventCountry "CAN"]

1. d4 d5 2. c4 e6 3. Nc3 Nf6 4. Nf3 c6 5. Bg5 Nbd7 6. e3 Be7 7. Bd3 O-O 8. O-O
h6 9. Bh4 Re8 10. Rc1 Bd6 11. Re1 Qa5 12. Nd2 e5 13. dxe5 Bxe5 14. Nb3 Qb6 15.
cxd5 cxd5 16. Bf5 Qd6 17. Bxd7 Qxd7 18. Bxf6 Bxf6 19. Qxd5 Qxd5 20. Nxd5 Bxb2
21. Nc7 Bxc1 22. Rxc1 Be6 23. Nxe8 Rxe8 24. Rc7 Bxb3 25. axb3 Rb8 26. Kf1 a6
27. Ke2 b5 28. Rc6 Ra8 29. Kd3 Kf8 30. e4 Ke8 31. Rb6 Ke7 32. f4 Rd8+ 33. Kc3
Rc8+ 34. Kb4 Rc2 35. Rxa6 Rxg2 36. Kxb5 Rxh2 37. Ra7+ 1/2-1/2

[Event "Contrecoeur op U2000"]
[Site "Contrecoeur CAN"]
[Date "2019.11.01"]
[Round "1.5"]
[White "He, Jiaqi"]
[Black "Craciun, David"]
[Result "0-1"]
[WhiteElo "1626"]
[BlackElo "1771"]
[PlyCount "74"]
[EventDate "2019.11.01"]
[EventType "swiss"]
[EventRounds "5"]
[EventCountry "CAN"]

1. e4 e5 2. Nf3 Nc6 3. Bc4 Bc5 4. c3 Nf6 5. d3 a6 6. Bb3 d6 7. h3 h6 8. O-O Ba7
9. Re1 O-O 10. Be3 Re8 11. Nbd2 d5 12. Bc2 Bxe3 13. fxe3 dxe4 14. Nxe4 Nxe4 15.
dxe4 Qf6 16. Qe2 Be6 17. a3 g5 18. Qf2 Na5 19. Nd2 Qg6 20. b4 Nc4 21. Nb3 b6
22. Nd2 Rad8 23. Nxc4 Bxc4 24. Rad1 Qc6 25. Bb1 Kg7 26. Qb2 b5 27. Qf2 Bb3 28.
Rxd8 Rxd8 29. Qb2 Bc4 30. Kf2 Bd3 31. Bxd3 Rxd3 32. Rc1 Qxe4 33. Qe2 Qd5 34.
Kg1 Rd2 35. Qf1 Qe4 36. Qf3 Qxf3 37. gxf3 Ra2 0-1

[Event "Contrecoeur op U2000"]
[Site "Contrecoeur CAN"]
[Date "2019.11.01"]
[Round "1.6"]
[White "Wang, Rachel"]
[Black "Levasseur, Sylvain"]
[Result "1-0"]
[WhiteElo "1752"]
[BlackElo "1562"]
[PlyCount "47"]
[EventDate "2019.11.01"]
[EventType "swiss"]
[EventRounds "5"]
[EventCountry "CAN"]

1. d4 d5 2. c4 c6 3. Nc3 e6 4. Nf3 Nf6 5. Bg5 Nbd7 6. e3 Be7 7. Rc1 Qa5 8. cxd5
Nxd5 9. Bxe7 Nxe7 10. Bd3 b6 11. O-O Bb7 12. Ne4 Nc8 13. a3 b5 14. Nc5 Nxc5 15.
Rxc5 Ne7 16. Qc2 Qd8 17. Be4 Nd5 18. Ne5 Qh4 19. Nxc6 Nf6 20. Bf3 Ng4 21. h3 h5
22. Ne5 Bxf3 23. Nxf3 Nh6 24. Nxh4 1-0

[Event "Contrecoeur op U2000"]
[Site "Contrecoeur CAN"]
[Date "2019.11.01"]
[Round "1.7"]
[White "Sonn, Eric"]
[Black "Gerard, Patrice"]
[Result "0-1"]
[WhiteElo "1540"]
[BlackElo "1726"]
[PlyCount "90"]
[EventDate "2019.11.01"]
[EventType "swiss"]
[EventRounds "5"]
[EventCountry "CAN"]

1. e4 c5 2. Nf3 Nc6 3. d4 cxd4 4. Nxd4 Nf6 5. Nc3 e5 6. Ndb5 d6 7. Bg5 a6 8.
Na3 b5 9. Bxf6 gxf6 10. Nd5 Be6 11. c3 Bg7 12. g3 f5 13. Bg2 O-O 14. Qh5 fxe4
15. Bxe4 f5 16. Bg2 e4 17. Nf4 Bc8 18. Rd1 Ra7 19. Nc2 Raf7 20. Ne3 Rf6 21. Qe2
Bh6 22. Ned5 R6f7 23. Qh5 Bxf4 24. Nxf4 Ne5 25. O-O Qf6 26. Rd2 Bb7 27. Rfd1
Rd8 28. h4 Rg7 29. Qe2 Qh6 30. Qh5 Nf3+ 31. Kh1 Qxh5 32. Nxh5 Nxd2 33. Nxg7
Kxg7 34. Rxd2 Kf6 35. Kg1 Ke5 36. Bf1 Rc8 37. a3 Bd5 38. Be2 Bb3 39. Bh5 d5 40.
Bf7 Rf8 41. Bh5 f4 42. g4 e3 43. fxe3 fxe3 44. Re2 Ke4 45. g5 Bd1 0-1

[Event "Contrecoeur op U2000"]
[Site "Contrecoeur CAN"]
[Date "2019.11.01"]
[Round "1.9"]
[White "Alcantara, Maximo jr"]
[Black "Letarte-Lavoie, Francis"]
[Result "1/2-1/2"]
[WhiteElo "1697"]
[BlackElo "1703"]
[PlyCount "144"]
[EventDate "2019.11.01"]
[EventType "swiss"]
[EventRounds "5"]
[EventCountry "CAN"]

1. Nf3 d5 2. d4 Nf6 3. g3 Bf5 4. Bg2 e6 5. O-O c5 6. c3 Nc6 7. Nbd2 Be7 8. Nb3
c4 9. Nbd2 O-O 10. Re1 Ne4 11. Nxe4 Bxe4 12. Nd2 Bxg2 13. Kxg2 e5 14. dxe5 Nxe5
15. Nf3 Nxf3 16. Kxf3 Bc5 17. Kg2 Qf6 18. e3 Rad8 19. Qf3 Qg6 20. Rd1 Qc6 21.
Bd2 Rd6 22. Be1 Rfd8 23. Kg1 Rf6 24. Qg2 h6 25. Rd2 Rfd6 26. Rad1 Bb6 27. Qf3
Rf6 28. Qh5 Rfd6 29. a3 R8d7 30. Qe5 Re6 31. Qb8+ Kh7 32. Qf4 Rf6 33. Qe5 Re6
34. Qf5+ g6 35. Qf3 Rf6 36. Qg4 h5 37. Qh4 Qe6 38. Rxd5 Rxd5 39. Rxd5 Bxe3 40.
Qxc4 Bb6 41. Kf1 Rf5 42. Rd4 Bxd4 43. Qxe6 fxe6 44. cxd4 Kg7 45. Bd2 Kf7 46. h4
Ke7 47. f4 Kd6 48. Ke2 Kd5 49. Kd3 Rf8 50. Bc3 Rc8 51. b3 Rc6 52. Bd2 Rb6 53.
b4 Ra6 54. Bc1 Rc6 55. Bb2 a6 56. Bc3 Rc4 57. Bb2 b5 58. Bc3 Rxc3+ 59. Kxc3 Ke4
60. Kd2 Kxd4 61. Ke2 Kc3 62. Kf3 Kb3 63. g4 Kxa3 64. gxh5 gxh5 65. Ke4 Kxb4 66.
Ke5 a5 67. Kxe6 a4 68. f5 a3 69. f6 a2 70. f7 a1=Q 71. f8=Q+ Kb3 72. Qf3+ Qc3
1/2-1/2

[Event "Contrecoeur op U2000"]
[Site "Contrecoeur CAN"]
[Date "2019.11.02"]
[Round "2.1"]
[White "Mangahas, Ronald"]
[Black "Wang, Rachel"]
[Result "1/2-1/2"]
[WhiteElo "1869"]
[BlackElo "1752"]
[PlyCount "74"]
[EventDate "2019.11.01"]
[EventType "swiss"]
[EventRounds "5"]
[EventCountry "CAN"]

1. e4 c5 2. Nf3 Nc6 3. d4 cxd4 4. Nxd4 Nf6 5. Nc3 e5 6. Ndb5 d6 7. Bg5 a6 8.
Na3 b5 9. Nd5 Be7 10. Nxe7 Nxe7 11. Bd3 Nd7 12. O-O f6 13. Be3 Nc5 14. Qh5+ Ng6
15. f4 Nxd3 16. f5 O-O 17. cxd3 Ne7 18. Rf3 Qe8 19. Qh4 Qf7 20. Rc1 Rb8 21. Rc7
Nxf5 22. Rxf7 Nxh4 23. Rxf8+ Kxf8 24. Rf1 Be6 25. Rc1 Rc8 26. Rxc8+ Bxc8 27.
Nc2 Be6 28. b3 d5 29. Bc5+ Ke8 30. Nb4 dxe4 31. dxe4 a5 32. Na6 Bd7 33. Nc7+
Kf7 34. Kf2 a4 35. g3 Ng6 36. Ke3 axb3 37. axb3 Be6 1/2-1/2

[Event "Contrecoeur op U2000"]
[Site "Contrecoeur CAN"]
[Date "2019.11.02"]
[Round "2.2"]
[White "Gerard, Patrice"]
[Black "Mathieu, Guillaume"]
[Result "1/2-1/2"]
[WhiteElo "1726"]
[BlackElo "1864"]
[PlyCount "46"]
[EventDate "2019.11.01"]
[EventType "swiss"]
[EventRounds "5"]
[EventCountry "CAN"]

1. e4 c6 2. d4 d5 3. exd5 cxd5 4. c4 Nf6 5. Nc3 Nc6 6. Nf3 Bf5 7. Bf4 e6 8. Rc1
Bb4 9. Ne5 Rc8 10. c5 Ne4 11. f3 Nxc3 12. bxc3 Ba3 13. Rb1 Bxb1 14. Qxb1 O-O
15. Bd3 Nxe5 16. Bxe5 Qg5 17. O-O Qe3+ 18. Kh1 Qd2 19. Bxh7+ Kh8 20. f4 b6 21.
Bc2 bxc5 22. Rd1 Qe3 23. Rd3 Qc1+ 1/2-1/2

[Event "Contrecoeur op U2000"]
[Site "Contrecoeur CAN"]
[Date "2019.11.02"]
[Round "2.3"]
[White "Craciun, David"]
[Black "Kozlov, Guennadi"]
[Result "1-0"]
[WhiteElo "1771"]
[BlackElo "1713"]
[PlyCount "65"]
[EventDate "2019.11.01"]
[EventType "swiss"]
[EventRounds "5"]
[EventCountry "CAN"]

1. d4 d5 2. Bf4 Nf6 3. e3 e6 4. Nf3 c5 5. c3 Nc6 6. Nbd2 cxd4 7. exd4 Bd6 8.
Bg5 Be7 9. Bd3 h6 10. Bf4 Bd6 11. Ne5 Qc7 12. Qe2 a6 13. a4 O-O 14. O-O Nd7 15.
Rfe1 Ndxe5 16. dxe5 Be7 17. Qg4 Kh8 18. Re3 g5 19. Rh3 Kg7 20. Rxh6 Rg8 21.
Rh7+ Kf8 22. Qh5 Bd8 23. Bg3 Qe7 24. Rf1 Bb6 25. Kh1 Ke8 26. f4 Nd8 27. Nf3 g4
28. Bh4 Qf8 29. Ng5 Rg7 30. Qxg4 Qg8 31. Qh5 Bc5 32. Rh8 Rxg5 33. Bxg5 1-0

[Event "Contrecoeur op U2000"]
[Site "Contrecoeur CAN"]
[Date "2019.11.02"]
[Round "2.4"]
[White "Latorre, Vincent"]
[Black "Mai, Deren"]
[Result "1-0"]
[WhiteElo "1852"]
[BlackElo "1638"]
[PlyCount "45"]
[EventDate "2019.11.01"]
[EventType "swiss"]
[EventRounds "5"]
[EventCountry "CAN"]

1. e4 c5 2. Nf3 Nc6 3. d4 cxd4 4. Nxd4 Nf6 5. Nc3 e5 6. Ndb5 d6 7. Nd5 Nxd5 8.
exd5 Nb8 9. c4 Be7 10. Be2 O-O 11. O-O a6 12. Nc3 Nd7 13. a4 f5 14. a5 b6 15.
axb6 f4 16. Ne4 Qxb6 17. b4 Nf6 18. c5 Qxb4 19. Ra4 Qb8 20. cxd6 Bxd6 21. Nxd6
Qxd6 22. Ba3 Qxd5 23. Bc4 1-0

[Event "Contrecoeur op U2000"]
[Site "Contrecoeur CAN"]
[Date "2019.11.02"]
[Round "2.5"]
[White "Letarte-Lavoie, Francis"]
[Black "Gauthier, Denis"]
[Result "1-0"]
[WhiteElo "1703"]
[BlackElo "1836"]
[PlyCount "105"]
[EventDate "2019.11.01"]
[EventType "swiss"]
[EventRounds "5"]
[EventCountry "CAN"]

1. e4 d6 2. d4 Nf6 3. Nc3 g6 4. f3 c6 5. Be3 b5 6. Qd2 Qa5 7. a3 Bg7 8. Bd3 O-O
9. Nge2 Nbd7 10. O-O Qc7 11. Bh6 e5 12. Bxg7 Kxg7 13. Kh1 Qb6 14. dxe5 dxe5 15.
Ng3 Qd4 16. Nce2 Qd6 17. Qg5 Kh8 18. f4 Ng8 19. f5 f6 20. Qe3 g5 21. Rad1 Qc5
22. Qf3 Qe7 23. c4 b4 24. Bc2 bxa3 25. Qxa3 Qxa3 26. bxa3 Nc5 27. Rd6 Bb7 28.
Rfd1 a5 29. Kg1 Rac8 30. Nc3 Ba6 31. Na4 Nb7 32. Rd7 Rfd8 33. Nb6 Rxd7 34. Rxd7
Rd8 35. Ba4 Rxd7 36. Nxd7 Bxc4 37. Bxc6 Nd6 38. Nh5 Bd3 39. Nhxf6 Nxf6 40. Nxf6
Kg7 41. Ng4 Nxe4 42. Nxe5 Bc2 43. Nc4 Nc3 44. Nxa5 Bxf5 45. Nb7 Ne2+ 46. Kf2
Nd4 47. Bd5 Kf6 48. a4 Ke5 49. Bc4 Be4 50. Nc5 Bc6 51. a5 Kd6 52. Nd3 Nb5 53.
Nb4 1-0

[Event "Contrecoeur op U2000"]
[Site "Contrecoeur CAN"]
[Date "2019.11.02"]
[Round "2.6"]
[White "Mercure, Gilbert"]
[Black "Adam, Rafael"]
[Result "1-0"]
[WhiteElo "1802"]
[BlackElo "1678"]
[PlyCount "71"]
[EventDate "2019.11.01"]
[EventType "swiss"]
[EventRounds "5"]
[EventCountry "CAN"]

1. e4 e6 2. d4 d5 3. e5 c5 4. c3 Nc6 5. Nf3 Qb6 6. Bd3 h6 7. O-O Bd7 8. dxc5
Bxc5 9. b4 Be7 10. a4 h5 11. Nbd2 Nh6 12. Nb3 Qc7 13. Qe2 g6 14. Bd2 Nf5 15.
Rfe1 O-O 16. b5 Nd8 17. Rac1 Rc8 18. c4 dxc4 19. Rxc4 Qb8 20. Rec1 b6 21. Bf4
Ng7 22. Nbd2 Nb7 23. Ne4 Rxc4 24. Rxc4 Rd8 25. Nf6+ Kh8 26. Ng5 Be8 27. Nxe8
Bxg5 28. Bxg5 Rxe8 29. Bf6 Nc5 30. Bc2 Kg8 31. Qd2 Kh7 32. Rh4 Rh8 33. Qg5 Kg8
34. Bxg7 Kxg7 35. Qf6+ Kh6 36. g4 1-0

[Event "Contrecoeur op U2000"]
[Site "Contrecoeur CAN"]
[Date "2019.11.02"]
[Round "2.7"]
[White "Lepine, Yannick"]
[Black "Simard, Francois"]
[Result "0-1"]
[WhiteElo "1632"]
[BlackElo "1788"]
[PlyCount "52"]
[EventDate "2019.11.01"]
[EventType "swiss"]
[EventRounds "5"]
[EventCountry "CAN"]

1. e4 c5 2. Nc3 g6 3. g3 Bg7 4. Bg2 Nc6 5. Nge2 Nf6 6. O-O O-O 7. h3 d6 8. Kh2
e5 9. d3 Bd7 10. Be3 h6 11. Qd2 Kh7 12. f4 b6 13. Rae1 Nd4 14. Ng1 Rc8 15. Nd1
Ng8 16. c3 Nc6 17. g4 exf4 18. Bxf4 Be5 19. Ne3 b5 20. Ne2 Qh4 21. Bg3 Bxg3+
22. Nxg3 Ne5 23. Qe2 Nf6 24. Rf4 h5 25. gxh5 Qxf4 26. Rf1 Qh4 0-1

[Event "Contrecoeur op U2000"]
[Site "Contrecoeur CAN"]
[Date "2019.11.02"]
[Round "2.8"]
[White "Guillemette, Hugo"]
[Black "Hu, Raymond"]
[Result "1-0"]
[WhiteElo "1768"]
[BlackElo "1512"]
[PlyCount "59"]
[EventDate "2019.11.01"]
[EventType "swiss"]
[EventRounds "5"]
[EventCountry "CAN"]

1. e4 c5 2. Nf3 Nc6 3. Bb5 d6 4. O-O Nf6 5. e5 dxe5 6. Nxe5 Qc7 7. Re1 a6 8.
Bxc6+ bxc6 9. Nc3 e6 10. d3 Bd6 11. Bf4 Nd5 12. Bg3 f6 13. Qh5+ Kf8 14. Ng6+
hxg6 15. Qxh8+ Kf7 16. Ne4 Bxg3 17. hxg3 Bb7 18. Qh4 Qe7 19. Re2 Rg8 20. Rae1
Qf8 21. Qg4 Bc8 22. Qf3 e5 23. Ng5+ Ke7 24. c4 Nb4 25. a3 Nxd3 26. Qxd3 fxg5
27. Rxe5+ Kf6 28. Qf3+ Bf5 29. Qxc6+ Kf7 30. Rxf5+ 1-0

[Event "Contrecoeur op U2000"]
[Site "Contrecoeur CAN"]
[Date "2019.11.02"]
[Round "2.9"]
[White "Levasseur, Sylvain"]
[Black "Alcantara, Maximo jr"]
[Result "1/2-1/2"]
[WhiteElo "1562"]
[BlackElo "1697"]
[PlyCount "59"]
[EventDate "2019.11.01"]
[EventType "swiss"]
[EventRounds "5"]
[EventCountry "CAN"]

1. e4 Nc6 2. Nf3 e5 3. Bb5 d6 4. d4 exd4 5. Nxd4 Bd7 6. Nc3 g6 7. Be3 Bg7 8.
Qd2 Nge7 9. O-O O-O 10. Rad1 Ne5 11. Bh6 N7c6 12. Bxg7 Kxg7 13. f3 a6 14. Be2
f6 15. Nd5 Nxd4 16. Qxd4 Be6 17. Ne3 Qc8 18. h3 Bg8 19. f4 Nc6 20. Qc3 Qe6 21.
Bf3 Qe7 22. Nd5 Bxd5 23. exd5 Nd8 24. Rfe1 Qf7 25. Re3 Re8 26. Rde1 Rxe3 27.
Rxe3 Kf8 28. Qe1 b5 29. Qh4 Kg7 30. Qe1 1/2-1/2

[Event "Contrecoeur op U2000"]
[Site "Contrecoeur CAN"]
[Date "2019.11.02"]
[Round "2.10"]
[White "Laberge, Luc"]
[Black "Mathieu, Jeremie"]
[Result "0-1"]
[WhiteElo "1518"]
[BlackElo "1701"]
[PlyCount "126"]
[EventDate "2019.11.01"]
[EventType "swiss"]
[EventRounds "5"]
[EventCountry "CAN"]

1. c4 Nf6 2. d4 g6 3. Nc3 Bg7 4. e4 d6 5. f4 O-O 6. Nf3 c5 7. d5 e6 8. Be2 exd5
9. exd5 Re8 10. O-O Ng4 11. g3 Ne3 12. Bxe3 Rxe3 13. Qd2 Re8 14. Bd3 Bg4 15.
Ne2 Qe7 16. Rae1 Nd7 17. Kg2 Qe3 18. Qd1 Bxb2 19. Neg1 Bxf3+ 20. Nxf3 Qc1 21.
Rxe8+ Rxe8 22. Qxc1 Bxc1 23. Rxc1 Re3 24. Rd1 Nb6 25. Kf2 Re7 26. Re1 Rd7 27.
Re8+ Kg7 28. Ng5 Na4 29. Ne4 f5 30. Bc2 Nb6 31. Nd2 Kf7 32. Re6 a6 33. Bb3 Na8
34. Nf3 Nc7 35. Ng5+ Kg7 36. Re2 Kf6 37. Ne6 Na8 38. Ba4 Re7 39. Nd8 Rxe2+ 40.
Kxe2 b5 41. cxb5 axb5 42. Bxb5 Nb6 43. a4 Nxd5 44. a5 Nc3+ 45. Kd2 Nxb5 46. Nc6
Nc7 47. Kd3 d5 48. Nb8 Ke6 49. a6 Kd6 50. a7 c4+ 51. Kc2 d4 52. Na6 Na8 53. Nb4
Kc5 54. Na2 Kb6 55. Nb4 Kb5 56. Na2 Ka4 57. Nc1 Ka3 58. h3 h6 59. g4 h5 60.
gxh5 gxh5 61. h4 Kb4 62. Na2+ Kc5 63. Kd2 Kd5 0-1